00366nam a2200109Ia 450000500170000000800410001710000200005824500960007826000390017430000100021365000330022320260328101521.0260328s9999||||xx |||||||||||||| ||und|| aBustos, Claudia 0aRecuperación de 200 barrios :b Hacia la Construcción de Tipologías /cClaudia Bustos bMinisterio de Vivienda y Urbanismo a92 p. aVIVIENDA DE INTERÉS SOCIAL